[Event "90th GER-ch 2019"]
[Site "Magdeburg"]
[Date "2019.05.27"]
[Round "2.12"]
[White "Pajeken, Jakob Leon"]
[Black "Schulz, Karsten"]
[Result "1/2-1/2"]
[WhiteElo "2359"]
[BlackElo "2227"]
[Annotator "NA"]
[PlyCount "80"]
[EventDate "2019.05.26"]
[EventType "tourn"]
[EventCountry "GER"]
[SourceTitle "playchess.com"]
[Source "ChessBase"]
[SourceQuality "1"]
[TimeControl "40/5400+30:1800+30"]

1. e4 {[%emt 0:00:00]} d6 {[%emt 0:00:00]} 2. d4 {[%emt 0:00:00]} Nf6 {[%emt 0:00:00]} 3. Nc3 {[%emt 0:00:00]} e5 {[%emt 0:00:00]} 4. Nf3 {[%emt 0:00:00]} exd4 {[%emt 0:00:00]} 5. Nxd4 {[%emt 0:00:00]} Be7 {[%emt 0:00:04]} 6. g3 {[%emt 0:00:00]} O-O {[%emt 0:00:10]} 7. Bg2 {[%emt 0:00:05]} Re8 {[%emt 0:01:10]} 8. O-O {[%emt 0:00:14]} Nbd7 {[%emt 0:01:27]} 9. h3 {[%emt 0:03:45]} Bf8 {[%emt 0:02:40]} 10. g4 {[%emt 0:03:28]} Nc5 {[%emt 0:02:21]} 11. Re1 {[%emt 0:01:37]} c6 {[%emt 0:00:40]} 12. Bf4 {[%emt 0:03:24]} a5 {[%emt 0:02:31]} 13. a4 {[%emt 0:00:33]} Ne6 {[%emt 0:10:43]} 14. Bg3 {[%emt 0:00:23]} Qb6 {[%emt 0:03:27]} 15. Nxe6 {[%emt 0:13:31]} Bxe6 {[%emt 0:02:10]} 16. Qd2 {[%emt 0:02:38]} Rad8 {[%emt 0:03:05]} 17. Kh2 {[%emt 0:10:00]} d5 {[%emt 0:13:14]} 18. exd5 {[%emt 0:03:45]} Nxd5 {[%emt 0:03:42]} 19. Nxd5 {[%emt 0:02:41]} Bxd5 {[%emt 0:00:10]} 20. Rxe8 {[%emt 0:04:29]} Rxe8 {[%emt 0:01:54]} 21. Bxd5 {[%emt 0:00:24]} cxd5 {[%emt 0:00:03]} 22. b3 {[%emt 0:01:01]} Bd6 {[%emt 0:01:41]} 23. Re1 {[%emt 0:02:04]} Bxg3+ {[%emt 0:01:49]} 24. Kxg3 {[%emt 0:00:32]} Qc7+ {[%emt 0:01:06]} 25. Kg2 {[%emt 0:00:34]} Rxe1 {[%emt 0:00:31]} 26. Qxe1 {[%emt 0:00:05]} h6 {[%emt 0:01:14]} 27. Qd2 {[%emt 0:01:17]} Qc5 {[%emt 0:01:35]} 28. Qd3 {[%emt 0:01:19]} b6 {[%emt 0:01:20]} 29. Kf3 {[%emt 0:02:41]} Qd6 {[%emt 0:05:25]} 30. Ke2 {[%emt 0:02:39]} Qc5 {[%emt 0:03:18]} 31. Kf1 {[%emt 0:01:31]} Qc6 {[%emt 0:02:05]} 32. h4 {[%emt 0:03:00]} Qe6 {[%emt 0:02:42]} 33. Qd4 {[%emt 0:01:46]} Qc6 {[%emt 0:02:16]} 34. Qd3 {[%emt 0:01:37]} Qe6 {[%emt 0:00:22]} 35. f3 {[%emt 0:02:12]} Qc6 {[%emt 0:04:12]} 36. h5 {[%emt 0:01:19]} Qe6 {[%emt 0:00:40]} 37. Kg2 {[%emt 0:02:21]} Qe5 {[%emt 0:04:14]} 38. Kf1 {[%emt 0:01:50]} Qe6 {[%emt 0:00:32]} 39. Qc3 {[%emt 0:01:44]} f5 {[%emt 0:08:36]} 40. Qc7 {[%emt 0:04:26]} fxg4 {[%emt 0:03:27]} 1/2-1/2

[Event "90th GER-ch 2019"]
[Site "Magdeburg"]
[Date "2019.05.27"]
[Round "2.13"]
[White "Maetzkow, Maximilian Paul"]
[Black "Kardoeus, David"]
[Result "1-0"]
[WhiteElo "2338"]
[BlackElo "2202"]
[Annotator "TA"]
[PlyCount "88"]
[EventDate "2019.05.26"]
[EventType "tourn"]
[EventCountry "GER"]
[SourceTitle "playchess.com"]
[Source "ChessBase"]
[SourceQuality "1"]

{[%evp 15,88,52,83,86,82,80,110,84,84,80,91,99,149,139,143,130,134,139,183,171,193,186,208,197,210,198,213,193,188,173,362,225,355,354,339,319,608,335,622,622,622,615,615,615,567,567,2827,2691,1976,1586,1002,403,660,653,656,644,606,566,664,637,1196,1194,2041,1706,29983,29984,29984,29985,29985,29986,29986,29982,29988,29989,29993]} 1. d4 Nf6 2. Nf3 g6 3. g3 Bg7 4. Bg2 O-O 5. O-O d6 6. c4 c5 7. d5 e6 8. dxe6 fxe6 9. Nc3 {E60: King's Indian: Unusual lines and Fianchetto Variation without Nc3} Qe7 10. Bg5 Rd8 $146 ({Predecessor:} 10... h6 11. Bf4 Rd8 12. Qc2 e5 13. Be3 Qf7 14. Nh4 g5 15. Nf5 Nc6 16. Nxg7 Qxg7 {½-½ (27) Kveinys,A (2526)-Shimanov,A (2658) Minsk 2014}) 11. Nd2 {White is better.} h6 12. Bxf6 $1 Bxf6 13. Qc2 Qf7 14. Nde4 Be7 15. Rad1 Na6 16. Rd2 Nc7 {[#]} 17. Rfd1 $1 {[%cal Re4d6]} d5 18. cxd5 exd5 {[#]} 19. Nxd5 $1 {[%mdl 512]} Rxd5 (19... Nxd5 20. Rxd5) 20. Rxd5 Nxd5 {[#]} 21. Rxd5 $1 {[%mdl 512]} Be6 (21... Qxd5 $2 {[#] too greedy.} 22. Nf6+ $1 {[%mdl 512]} Bxf6 23. Qxg6+ Kf8 24. Bxd5 $18) 22. Rd3 Bxa2 $2 (22... Bf5 23. Qc1 Qg7) 23. Nd6 ({Weaker is} 23. Nxc5 Rc8 $16) 23... Bxd6 (23... Qf6 {keeps fighting.} 24. Bxb7 Rd8) 24. Rxd6 $18 Be6 25. Qxc5 {aiming for Rxe6!} b6 $2 (25... Kh7 26. Bxb7 Rb8) 26. Qc6 Re8 $2 {[#]} (26... Rf8 27. f4 Re8) 27. Bh3 $1 {[%mdl 512]} Bxh3 28. Rxg6+ {[%mdl 64] Double Attack} Kh7 29. Rxh6+ {[%mdl 64] Double Attack} Kg8 30. Rxh3 Rxe2 {[%mdl 4096] Endgame KQR-KQR} 31. Qc8+ Re8 32. Qg4+ Qg7 33. Rh4 (33. Qc4+ $142 Kf8 34. Rh4) 33... Re1+ (33... Qxg4 $142 34. Rxg4+ Kf7) 34. Kg2 {Strongly threatening Qc8+.} Qxg4 35. Rxg4+ {KR-KR} Kf7 36. h4 a5 37. h5 Re5 38. h6 b5 39. Rg7+ Kf6 40. g4 {White mates.} Re8 41. g5+ Kf5 42. h7 Rh8 43. g6 Ke5 44. Rg8 Kd5 {Accuracy: White = 76%, Black = 29%.} 1-0

[Event "90th GER-ch 2019"]
[Site "Magdeburg"]
[Date "2019.05.27"]
[Round "2.14"]
[White "Adiyaman, Rene"]
[Black "Gungl, Theo"]
[Result "0-1"]
[WhiteElo "2175"]
[BlackElo "2331"]
[Annotator "NA"]
[PlyCount "50"]
[EventDate "2019.05.26"]
[EventType "tourn"]
[EventCountry "GER"]
[SourceTitle "playchess.com"]
[Source "ChessBase"]
[SourceQuality "1"]
[TimeControl "40/5400+30:1800+30"]

1. e4 c5 2. b3 d6 3. Bb2 Nc6 4. Nc3 Nf6 5. f4 g6 6. Nf3 Bg7 7. Qe2 O-O 8. O-O-O a6 9. Kb1 Rb8 10. e5 dxe5 11. fxe5 Ng4 12. Na4 Qc7 13. h3 Ngxe5 14. Nxe5 Bxe5 15. Bxe5 Nxe5 16. Nxc5 Qxc5 17. d4 Qc6 18. dxe5 Bf5 19. Rh2 Rfd8 20. Rxd8+ Rxd8 21. g4 Be4 22. Bg2 Rd4 23. h4 Qd5 24. Bxe4 Rxe4 25. Qf3 Re1+ 0-1

[Event "90th GER-ch 2019"]
[Site "Magdeburg"]
[Date "2019.05.27"]
[Round "2.15"]
[White "Wachinger, Nikolas"]
[Black "Guenther, Andreas"]
[Result "1/2-1/2"]
[WhiteElo "2311"]
[BlackElo "2121"]
[Annotator "TA"]
[PlyCount "135"]
[EventDate "2019.05.26"]
[EventType "tourn"]
[EventCountry "GER"]
[SourceTitle "playchess.com"]
[Source "ChessBase"]
[SourceQuality "1"]

{[%evp 11,135,45,85,31,41,35,36,27,44,25,40,34,74,31,22,14,27,28,96,84,96,102,122,79,87,87,93,50,120,16,60,51,221,227,891,654,647,616,587,585,538,299,532,514,779,766,789,785,750,369,353,374,362,348,433,83,102,-42,29,-7,8,10,19,0,70,70,87,62,86,36,36,0,62,5,8,0,4,0,8,8,8,8,8,0,0,0,0,0,0,0,3,3,3,3,3,3,87,87,127,8,8,8,8,8,8,8,8,8,8,8,8,8,8,8,8,8,8,4,4,0,0,0,0,0,0,0]} 1. e4 d5 2. exd5 Qxd5 3. Nc3 Qa5 4. d4 Nf6 5. Nf3 Nc6 6. Bb5 Ne4 7. a4 {B01: Scandinavian Defence} ({White should play} 7. Rb1 $16) 7... Nxc3 $14 (7... a6 8. Bxc6+ bxc6 9. O-O Nxc3 10. bxc3 Bg4 11. Qd3 Bf5 12. Qe3 e6 13. c4 Bxc2 14. Ne5 Qb6 {1-0 (23) Zhigalko,S (2662)-Filipets,E (2316) Minsk 2017}) 8. bxc3 a6 $1 {[%cal Ra6b5]} 9. Bxc6+ {White is slightly better.} bxc6 10. Qd2 $146 ({Predecessor:} 10. O-O Bg4 11. Qd3 Qf5 12. Ne5 Qxd3 13. cxd3 Bd7 14. Ba3 f6 {½-½ (51) Erdogdu,M (2489)-Saric,S (2424) Novi Sad 2009}) 10... f6 11. O-O Bg4 12. Ne1 e6 13. Nd3 Bd6 14. Ba3 Qd5 (14... O-O $11) 15. Bxd6 $16 Qxd6 16. Nc5 Kf7 17. Rab1 Bf5 18. f4 h5 19. Rb7 h4 (19... Rhb8 $14) 20. a5 (20. h3 $16) 20... h3 21. g3 $36 {[%mdl 2048] Black is under pressure.} Kg6 $2 (21... Rhb8 $14) 22. Qe2 $18 e5 $2 (22... Kh7 23. Nxa6 Rhd8 24. Nxc7 Rd7) 23. g4 Bc8 24. Qd3+ Kf7 25. fxe5 Qe7 26. Rbb1 Rh4 $2 (26... Bxg4 {might work better.} 27. Qe4 Be6 28. Qxc6 Qe8 29. Qxc7+ (29. Qxe6+ Qxe6 30. Nxe6 Kxe6 $16) 29... Kg8 30. Nxe6 (30. exf6 Qg6+ 31. Qg3 Qxg3+ 32. hxg3 h2+ 33. Kf2 Bd5 $11) 30... Qxe6) 27. Rbe1 Rxg4+ (27... Be6 $142 28. Re4 f5 29. gxf5 Qg5+ 30. Qg3 Qxg3+ 31. hxg3 h2+ 32. Kg2 h1=B+ 33. Rxh1 Rxe4 34. fxe6+ Ke7 35. Nxe4 Kxe6 36. Nc5+ Kd5) 28. Kh1 Be6 29. c4 {[#] Black must now prevent exf6.} f5 30. Rxf5+ (30. d5 $142) 30... Kg8 31. Nxe6 ({Weaker is} 31. Rh5 g6 $18) 31... Qxe6 32. Ref1 Qg6 {and the idea ...Rxd4 leaves Black hopeful.} 33. c3 $2 (33. Qxh3 $18 {has better winning chances.} Rb8 34. e6) 33... Rxd4 $16 {[%csl Gh3][%cal Rg6g2]} 34. Qe2 ({Not} 34. Rf8+ $2 Rxf8 35. Rxf8+ Kxf8 $19) ({Only move:} 34. Qxh3 $16 Qg4 35. Qxg4 Rxg4 36. Rg1 Rxg1+ 37. Kxg1) 34... Rg4 (34... Rd1 $15 35. Rxd1 Qxf5) 35. e6 {Threatens to win with e7.} Rg5 36. Rxg5 Qxg5 $11 {[%mdl 4096] Endgame KQR-KQR} 37. Qf3 (37. e7 {is more complex.} Qg2+ 38. Qxg2 hxg2+ 39. Kxg2 Re8 40. Re1) 37... Qg2+ (37... Qe5 $11) 38. Qxg2 $14 hxg2+ 39. Kxg2 {KR-KR} Re8 40. Re1 {And now Kg3 would win.} Kf8 41. Rf1+ Kg8 42. Rb1 (42. Rf7 $1 $14) 42... Rxe6 $11 43. Rb8+ Kf7 44. Ra8 c5 45. Ra7 Rc6 $1 46. Kf3 Ke7 47. Ke4 Kd7 48. Kd5 Rh6 49. Kxc5 Rxh2 50. Rxa6 {next Rg6 is good for White.} Rg2 51. Ra8 Rg5+ $1 52. Kb4 $1 Kc6 53. Ra6+ Kb7 (53... Kd7 $1 $11) 54. Re6 $16 Rg1 {[#]} 55. c5 (55. a6+ $1 $16 Ka7 56. c5) 55... Rb1+ $11 {The position is equal.} 56. Kc4 {c6+ is the strong threat.} Ra1 57. c6+ $1 Ka6 58. Re7 Ra4+ 59. Kd3 (59. Kb3 {feels hotter.} Rxa5 60. Rxc7 Kb6 61. Rxg7 Kxc6 62. Rh7) 59... Rxa5 60. Rxc7 Kb6 61. Rxg7 Kxc6 62. Rg6+ Kc7 63. Kd4 Rh5 64. c4 Kd7 65. c5 Kc7 66. Kc4 Rh1 67. Rg7+ Kc6 68. Rg6+ {Accuracy: White = 41%, Black = 50%.} 1/2-1/2

[Event "90th GER-ch 2019"]
[Site "Magdeburg"]
[Date "2019.05.27"]
[Round "2.16"]
[White "Schulz, Lukas"]
[Black "Nosek, Reinhard"]
[Result "1-0"]
[WhiteElo "2302"]
[BlackElo "1913"]
[Annotator "NA RC"]
[PlyCount "65"]
[EventDate "2019.05.26"]
[EventType "tourn"]
[EventCountry "GER"]
[SourceTitle "playchess.com"]
[Source "ChessBase"]
[SourceQuality "1"]
[TimeControl "40/5400+30:1800+30"]

1. e4 {[%emt 0:00:00]} c5 {[%emt 0:00:00]} 2. Nf3 {[%emt 0:00:00]} Nc6 {[%emt 0:00:00]} 3. Bb5 {[%emt 0:00:04]} g6 {[%emt 0:01:03]} 4. O-O {[%emt 0:00:47]} Bg7 {[%emt 0:00:06]} 5. Re1 {[%emt 0:02:59]} e6 {[%emt 0:05:21]} 6. Bxc6 {[%emt 0:01:52]} dxc6 {[%emt 0:00:47]} 7. e5 {[%emt 0:00:49]} Ne7 {[%emt 0:01:17]} 8. d3 {[%emt 0:04:24]} h6 {[%emt 0:04:35]} 9. Nc3 {[%emt 0:01:58]} Qc7 {[%emt 0:01:26]} 10. Ne4 {[%emt 0:08:28]} b6 {[%emt 0:04:25]} 11. Nd6+ {[%emt 0:03:44]} Kf8 {[%emt 0:00:11]} 12. Bf4 {[%emt 0:00:33]} Ba6 {[%emt 0:10:04]} 13. Nd2 {[%emt 0:08:08]} g5 {[%emt 0:01:28]} 14. Bg3 {[%emt 0:05:47]} h5 {[%emt 0:06:03]} 15. N2e4 {[%emt 0:28:23]} h4 {[%emt 0:00:26]} 16. Qf3 {[%emt 0:00:15]} Nf5 {[%emt 0:03:18]} 17. Nxg5 {[%emt 0:00:10]} hxg3 {[%emt 0:00:13]} 18. hxg3 {[%emt 0:00:24]} Kg8 {[%emt 0:05:41]} 19. Ndxf7 {[%emt 0:02:58]} Qe7 {[%emt 0:05:35]} 20. Re4 {[%emt 0:09:12]} Rf8 {[%emt 0:15:51]} 21. Nxh8 {[%emt 0:02:16]} Qxg5 {[%emt 0:00:40]} 22. Rg4 {[%emt 0:02:44]} Qh6 {[%emt 0:03:42]} 23. Ng6 {[%emt 0:02:08]} Nd4 {[%emt 0:06:35]} 24. Ne7+ {[%emt 0:00:46]} Kh8 {[%emt 0:00:37]} 25. Qe4 {[%emt 0:00:23]} Rf5 {[%emt 0:01:51]} 26. c3 {[%emt 0:05:37]} Rxe5 {[%emt 0:01:29]} 27. Ng6+ {[%emt 0:00:18]} Kg8 {[%emt 0:04:39]} 28. Nxe5 {[%emt 0:00:07]} Nc2 {[%emt 0:00:09]} 29. Qxc6 {[%emt 0:01:30]} Nxa1 30. Qe8+ Kh7 {[%emt 0:03:00]} 31. Rh4 {[%emt 0:00:36]} Qxh4 32. gxh4 {[%emt 0:00:32]} Bxe5 {[%emt 0:00:09]} 33. Qh5+ {[%emt 0:00:08]} 1-0

[Event "90th GER-ch 2019"]
[Site "Magdeburg"]
[Date "2019.05.28"]
[Round "3.1"]
[White "Pfreundt, Jakob"]
[Black "Graf, Alexander"]
[Result "1/2-1/2"]
[WhiteElo "2392"]
[BlackElo "2572"]
[Annotator "TA"]
[PlyCount "138"]
[EventDate "2019.05.26"]
[EventType "tourn"]
[EventCountry "GER"]
[SourceTitle "playchess.com"]
[Source "ChessBase"]
[SourceQuality "1"]

{[%evp 17,138,16,22,21,29,13,39,0,0,0,0,0,-3,2,10,13,13,10,32,36,50,18,50,38,29,0,8,-14,-6,-5,-5,-31,-37,-35,-34,-33,-24,-24,-24,-33,-26,-26,-32,-31,-20,-8,-17,-62,-19,-29,-16,-20,-17,-36,0,-12,0,-6,0,0,0,0,0,-7,0,0,0,0,0,0,0,-8,-8,-8,-8,-8,0,-8,-8,-8,0,-8,-8,-36,-14,-14,-14,-23,0,0,0,0,0,0,0,0,0,0,0,0,0,0,0,0,0,0,0,0,0,0,0,0,0,0,0,0,0,0,0,0,0,0,0]} 1. e4 e5 2. Nf3 Nc6 3. Bc4 Nf6 4. d3 Be7 5. O-O d6 6. a4 O-O 7. Re1 Be6 8. Nbd2 Qd7 9. a5 a6 10. c3 {C55: Two Knights: 4 d3, 4 d4 exd4 5 e5 and Max Lange Attack} (10. Bb3 Bxb3 11. Nxb3 d5 12. exd5 Qxd5 13. c4 Qd6 14. Be3 Qd7 15. d4 exd4 16. Nfxd4 Bb4 17. Rf1 Rfe8 {1-0 (38) Hector,J (2556)-Grandelius,N (2658) Lund 2018}) 10... Rfe8 11. Qb3 Nd8 12. d4 $146 {White is slightly better.} ({Predecessor:} 12. h3 Bf8 13. Nf1 c6 14. Qc2 g6 15. Ng3 Bg7 16. b4 Bxc4 17. dxc4 Ne6 18. Be3 Nf4 19. Rad1 Qe6 20. c5 dxc5 21. Bxc5 {½-½ (21) Lobzhanidze,D (2432)-Kollars,D (2498) Germany 2018}) 12... exd4 13. Bxe6 Qxe6 14. Nxd4 Qxb3 15. N2xb3 Bf8 16. f3 Ne6 17. Nxe6 Rxe6 (17... fxe6 {is interesting.} 18. Bg5 Nd7 19. Nc1 h6 20. Be3 d5) 18. Nd4 Ree8 19. Bf4 Nd7 20. Rad1 Ne5 21. Nb3 Rab8 22. Bxe5 Rxe5 23. Rd5 Rbe8 {[#] White must now prevent ...Rxd5.} 24. Red1 c6 25. Rxe5 Rxe5 $15 {[%mdl 4096] Endgame KRB-KRN} 26. c4 f5 27. exf5 Rxf5 28. Kf2 h5 29. Ke3 Kf7 30. g3 Re5+ 31. Kd3 g5 32. g4 hxg4 33. fxg4 Bg7 34. Rf1+ Kg6 35. Rd1 Re8 36. Nd4 d5 37. cxd5 Rd8 38. Kc4 Rxd5 39. b4 Re5 40. Rd3 Re1 41. h3 Rc1+ 42. Kb3 c5 43. bxc5 Rxc5 44. Nf5 Rxa5 45. Rd6+ Bf6 46. Rb6 $1 Ra1 {[#] ...Rb1+ is the strong threat.} 47. Kc2 Ra2+ 48. Kc1 Rh2 49. Ne7+ Kf7 50. Nd5 Be5 51. Rxb7+ Ke6 52. Nc7+ Bxc7 53. Rxc7 {The position is equal.} Rxh3 $11 {KR-KR} 54. Rc5 $1 Kf6 55. Rf5+ Kg6 {Strongly threatening ...Rh4.} 56. Ra5 Rd3 57. Rxa6+ Kf7 58. Kc2 Rd4 (58... Rg3 {looks sharper.} 59. Kd2 Rg1 60. Ke3 Rxg4 61. Kf3 Rg1) 59. Kc3 Rxg4 (59... Rd5 {feels hotter.} 60. Kc4 Rd1 61. Rb6 Ra1 62. Kd4 Ra4+) 60. Kd3 Rf4 61. Ke3 Kg7 62. Rb6 Rf7 63. Ra6 Rf6 64. Rxf6 Kxf6 {KP-K} 65. Kf3 Kf5 66. Kg3 g4 67. Kf2 Kf4 68. Kg2 g3 (68... Ke3 $5) 69. Kg1 Ke5 {Accuracy: White = 66%, Black = 58%.} (69... Ke3 $5) 1/2-1/2

[Event "90th GER-ch 2019"]
[Site "Magdeburg"]
[Date "2019.05.28"]
[Round "3.2"]
[White "Kollars, Dmitrij"]
[Black "Krassowizkij, Jaroslaw"]
[Result "1-0"]
[WhiteElo "2561"]
[BlackElo "2450"]
[Annotator "TA"]
[PlyCount "199"]
[EventDate "2019.05.26"]
[EventType "tourn"]
[EventCountry "GER"]
[SourceTitle "playchess.com"]
[Source "ChessBase"]
[SourceQuality "1"]

{[%evp 10,199,27,13,17,14,12,12,10,14,16,19,25,31,22,17,16,13,18,10,13,18,34,20,0,0,55,6,85,32,93,97,93,98,113,107,97,100,104,108,99,87,89,44,37,54,50,37,42,41,104,104,100,98,123,122,146,146,146,146,146,146,146,146,146,146,146,146,146,146,146,146,218,216,218,212,212,210,243,197,185,146,146,156,160,146,145,146,145,145,139,130,144,130,130,130,130,130,130,130,181,175,174,171,145,109,109,109,109,109,109,109,109,102,102,102,109,108,235,197,183,102,102,86,86,86,86,0,86,86,87,87,102,87,101,101,195,189,339,339,331,324,331,331,306,277,250,118,185,210,331,331,331,331,331,331,331,331,331,331,331,331,331,331,331,331,331,331,331,331,331,331,331,331,612,331,377,331,303,296,281,0,820,938,377,377,992,330,335,299,29985,29986]} 1. e4 e6 2. d4 d5 3. Nd2 c5 4. exd5 Qxd5 5. Ngf3 cxd4 6. Bc4 Qd7 {C07: French Tarrasch: 3...c5, 4 Ngf3 and 4 exd5 Qxd5} (6... Qd6 7. O-O Nf6 8. Nb3 Nc6 9. Nbxd4 Nxd4 10. Nxd4 a6 11. Re1 Qc7 12. Bf1 Be7 13. Qf3 O-O 14. Bf4 Bd6 15. Bxd6 Qxd6 16. Rad1 Qc7 17. c4 Rb8 18. Qg3 Qxg3 19. hxg3 Bd7 {½-½ (61) Karjakin,S (2773)-Duda,J (2737) chess.com INT 2018}) 7. O-O Nc6 8. Nb3 Nf6 {The position is equal.} 9. Nbxd4 Nxd4 10. Nxd4 a6 11. Re1 b5 $146 ({Predecessor:} 11... Bc5 12. c3 Bxd4 13. cxd4 b5 14. Bb3 {½-½ (34) Nedev,T (2481)-Istratescu,A (2605) Achaia 2017}) 12. Bb3 Bb7 13. c3 Bc5 14. Bg5 Bxd4 15. cxd4 Qc6 {[%csl Gb7][%cal Rc6g2]} 16. d5 $36 {[%mdl 2048] White has some pressure.} Nxd5 17. Qg4 h6 (17... Qd6 $11) 18. Rac1 (18. Rad1 $5 {[%cal Rb3d5]} Qd7 19. Bd2 $14) 18... Qd7 (18... Qd6 $11 {keeps the balance.} 19. Be3 Nxe3 20. Qxg7 (20. Rxe3 O-O $17) 20... Qf8 21. Qxf8+ Rxf8 22. Rxe3 Rd8) 19. Bd2 (19. Be3 $1 $16 O-O 20. Bxh6) 19... O-O ({Black should try} 19... Kf8 $1 $14) 20. Bxh6 $1 $16 {[%csl Gh6][%cal Rg4g7]} f5 21. Qg3 $1 {Rxe6! is the strong threat.} Rac8 22. Rcd1 {Black must now prevent Rxe6!} Rfe8 23. Bf4 Qf7 24. Be5 Nf6 25. Bxf6 Qxf6 26. h3 Bd5 27. Bxd5 exd5 28. Rxe8+ Rxe8 $14 {[%mdl 4096] Endgame KQR-KQR} 29. Qb3 Rd8 ({Better is} 29... Qd6 $1 $14) 30. Rxd5 $16 Rxd5 31. Qxd5+ {KQ-KQ} Kh7 32. b4 g6 33. g3 Qc3 34. Qf7+ Kh6 35. Qf8+ Kh7 36. Qe7+ Kg8 37. Kg2 Qc6+ 38. Kh2 $1 Qc4 39. Qd6 Kg7 40. a3 Qf1 (40... Qa2 $16) 41. Qd4+ $18 Kf7 42. Qa7+ Kg8 43. h4 $1 Kf8 44. Qa8+ (44. Qxa6 Qxf2+ 45. Kh3 Qf1+ 46. Kh2 Qf2+ 47. Kh3 Qf1+ 48. Kh2 Qf2+ $11) 44... Kg7 45. Qg2 (45. Qxa6 Qxf2+ 46. Kh3 Qf1+ 47. Kh2 Qf2+ 48. Kh3 Qf1+ 49. Kh2 Qf2+ $11) 45... Qe2 46. Qb7+ Kh6 47. Kg2 ({Stronger than} 47. Qxa6 Qxf2+ 48. Kh3 Qf1+ 49. Kh2 Qf2+ 50. Kh3 Qf3 $11) 47... Qe6 48. Qf3 Kh7 49. Qe3 Qd5+ 50. Kh2 Qa2 51. Kg1 Qa1+ 52. Kg2 Qf6 53. Qg5 Qc6+ 54. Kg1 Qe6 (54... Qd7 $16 55. Qe3 Kg7) 55. h5 gxh5 56. Qxh5+ Kg7 57. Kg2 Qe4+ 58. Qf3 {Strongly threatening Qxe4.} Qe6 59. Qf4 Kg6 60. Qe3 Qc6+ 61. Qf3 Qe6 62. Kh3 Qc4 63. g4 Qf1+ (63... fxg4+ $16 {was worth a try.} 64. Qxg4+ Kh7) 64. Kh4 fxg4 65. Kxg4 (65. Qxg4+ $18 Kf6 66. Qf4+ Kg7 67. Qe3) 65... Qc4+ $16 66. Kg3 Kg5 67. Qe3+ Kf5 68. Qf3+ Kg5 $1 69. Kg2 Qa2 70. Qe3+ Kg4 71. Qd4+ Kg5 72. Kf3 Qf7+ (72... Kf5 $16) 73. Ke2 $18 Qb7 (73... Qh5+ $142 74. f3 Qf7) 74. Qe3+ Kg6 75. Qg3+ Kh7 76. Qh4+ Kg8 77. Qg4+ Kh7 78. f3 (78. Ke3 $18 {aiming for Qe4+.} Qb6+ 79. Qd4 Qh6+ 80. Qf4 Qb6+ 81. Kd3) 78... Qc7 {[#]} (78... Qf7 $16) 79. Kd3 $1 Qc1 (79... Kh6 {might work better.} 80. Qh4+ Kg6) 80. Qe4+ Kg8 81. Qa8+ Kf7 82. Qa7+ ({Inferior is} 82. Qxa6 Qd1+ 83. Ke3 Qc1+ 84. Ke4 Qc4+ 85. Ke5 Qc3+ 86. Kf5 Qd3+ 87. Kg5 Qd5+ 88. Kh4 Qd4+ 89. Kh5 Qe5+ 90. Kh6 (90. Kg4 Qd4+ 91. Kg3 Qg7+ 92. Kh2 Qh7+ 93. Kg2 Qg7+ 94. Kf2 Qd4+ 95. Kg3 Qg7+ 96. Kh4 Qd4+ 97. Kh5 Qe5+ 98. Kh6 Qf4+ 99. Kh5 Qe5+ $11) 90... Qf4+ 91. Kh5 Qe5+ 92. Kh6 (92. Kg4 Qd4+ 93. Kh3 Qh8+ 94. Kg4 Qd4+ 95. Kf5 Qd5+ 96. Kg4 Qd4+ $11) 92... Qf4+ 93. Kh5 Qe5+ $11) 82... Kg8 83. Qxa6 Qc4+ 84. Ke3 {Threatens to win with Qg6+.} Qc3+ 85. Ke4 Qc4+ 86. Ke5 Qc3+ 87. Kd5 Qxf3+ 88. Kc5 Qe3+ 89. Kxb5 Qd3+ 90. Kb6 Qe3+ 91. Kb7 Qf3+ $2 (91... Qe7+ 92. Kc6 Qe4+ 93. Kd7 Qh7+ 94. Kd8 Qh4+ 95. Kc8 Qg4+ 96. Kb7 Qg7+ 97. Ka8 Qf8+ 98. Ka7 Qe7+ 99. Qb7 Qe3+ 100. Kb8 Qxa3) 92. Kc7 Qc3+ 93. Kd7 {Qc8+ would kill now.} Qg7+ {[#]} 94. Kc8 $1 Qc3+ 95. Kb7 $2 (95. Kb8 Qe5+ 96. Ka7 Qe3+ 97. Qb6 Qxa3+ 98. Qa5) 95... Qf3+ $1 96. Qc6 Qxa3 97. b5 Qe7+ $2 (97... Kf8 98. Kb8 Qb2) 98. Qc7 $2 (98. Kb8 {White threatens Qc8+ and mate.} Qe5+ 99. Kb7 Qe7+ 100. Qc7 Qe4+ 101. Qc6 Qe7+) 98... Qe4+ 99. Kb8 {Threatening mate with Qc8+.} Qd5 $2 (99... Qd4 $18 100. b6 Kf8) 100. Qc8+ {Accuracy: White = 76%, Black = 46%.} 1-0

[Event "90th GER-ch 2019"]
[Site "Magdeburg"]
[Date "2019.05.28"]
[Round "3.3"]
[White "Engel, Luis"]
[Black "Polster, Christian"]
[Result "1/2-1/2"]
[WhiteElo "2512"]
[BlackElo "2236"]
[Annotator "TA"]
[PlyCount "139"]
[EventDate "2019.05.26"]
[EventType "tourn"]
[EventCountry "GER"]
[SourceTitle "playchess.com"]
[Source "ChessBase"]
[SourceQuality "1"]

{[%evp 21,139,39,41,0,0,0,34,0,0,0,0,0,0,0,-5,-42,-42,-42,-40,-43,-20,-36,-34,-34,0,0,0,0,0,0,0,0,0,-19,-31,-25,-34,-33,-12,-40,-46,-43,-42,-63,-54,-56,-56,-81,-48,-102,-79,-115,-79,-93,-75,-84,-78,-67,-66,-65,-37,-40,-54,-44,-36,-36,-36,-72,-56,-50,0,-2,0,0,0,0,0,-37,0,0,0,0,0,0,0,0,0,-186,0,0,0,0,0,0,0,0,0,0,0,0,0,0,0,0,0,0,0,0,3,3,3,0,5,0,0,0,0,0,0,0]} 1. e4 e6 2. d4 d5 3. Nd2 c5 4. exd5 Qxd5 5. Ngf3 cxd4 6. Bc4 Qd6 7. O-O Nf6 8. Nb3 Nc6 9. Nbxd4 Nxd4 10. Nxd4 a6 11. Re1 Qc7 12. Bf1 {C07: French Tarrasch: 3...c5, 4 Ngf3 and 4 exd5 Qxd5} Bd6 13. Nf5 Bxh2+ 14. Kh1 {White is slightly better.} Kf8 15. Qd4 exf5 16. Qxf6 $1 h6 17. Qd4 Bd6 $1 18. Bd2 Be6 19. Bc3 Rh7 {[#]} 20. Rad1 $146 Be7 21. Bb4 h5 22. Re3 {Black should prevent Rc3.} Bxb4 23. Qxb4+ Qe7 24. Rd6 Rh6 25. a3 Re8 26. Kg1 Kg8 (26... Rg6 {is more complex.} 27. Be2 h4 28. Bf3 a5 29. Qd4 Kg8) 27. Rb6 Qxb4 28. axb4 Re7 $36 {[%mdl 2048] Black fights for an advantage.} 29. Be2 Rc7 30. c3 Kh7 31. Rh3 g6 32. Bf3 Bc8 33. Rh4 Kg7 34. Rd4 Rh8 35. c4 (35. Rbd6 $15) 35... Re8 36. c5 Re1+ 37. Kh2 Rb1 38. Rd2 h4 39. g3 hxg3+ 40. fxg3 a5 41. c6 bxc6 {...axb4 is the strong threat.} 42. bxa5 Ra7 43. b4 $1 {[#]} ({Of course not} 43. Rxc6 Bb7 $17) 43... c5 $1 {[%cal Rc5b4][%mdl 512]} 44. bxc5 Rc1 45. Ra2 Rxc5 46. a6 Rcc7 47. Kg2 Kh6 48. Be2 Be6 49. Rd2 Bc4 50. Kf2 Bxe2 51. Rxe2 $11 {[%mdl 4096] Endgame KRR-KRR} Rc3 {Strongly threatening ...Ra3.} 52. Ra2 Kg5 53. Ra4 Kh5 54. Rh4+ Kg5 {[#] White must now prevent ...Rc2+.} 55. Ra4 {The position is equal.} Rd3 56. Kg2 Re3 57. Kf2 Re6 58. Rxe6 fxe6 {KR-KR} 59. g4 Kf6 60. Kf3 Ke5 61. Ra5+ Kd4 62. gxf5 exf5 63. Kf4 Kc4 64. Kg5 Kb4 65. Ra1 Kb5 66. Kxg6 f4 67. Rf1 Rxa6+ 68. Kg5 Ra4 69. Rxf4 Rxf4 70. Kxf4 {Accuracy: White = 71%, Black = 82%.} 1/2-1/2